Hodnotenie behaviorálnych financií a finančnej gramotnosti na príklade študentov slovenských vysokých škôl diplomová práca

Enregistré dans:
Détails bibliographiques
Auteur principal: Kovács, Oliver
Collectivité auteur: Národohospodárska fakulta EU. Katedra bankovníctva a medzinárodných financií
Autres auteurs: Horvátová, Eva, 1958-
Format: Livre
Langue:slovaque
Publié: Bratislava 2019
Tags: Ajouter un tag
Pas de tags, Soyez le premier à ajouter un tag!

MARC

LEADER 00000nbm a2200000 4500
001 0254954
005 20190814143040.8
041 0 |a slo 
044 |a SK 
245 1 0 |a Hodnotenie behaviorálnych financií a finančnej gramotnosti na príklade študentov slovenských vysokých škôl  |b diplomová práca  |c Oliver Kovács ; školiteľ: Eva Horvátová 
264 1 |a Bratislava  |c 2019 
300 |a 84 s. 
100 1 |a Kovács, Oliver 
700 1 |a Horvátová, Eva, 1958- 
710 2 |a Národohospodárska fakulta EU. Katedra bankovníctva a medzinárodných financií